Artistas Goianos - Morte Súbita - Statistics

Estatísticas Gerais
  • Esse quiz foi jogado 110 vezes
  • A pontuação média é 4 de 16
Answers on the Grid
Answers color-coded by a green-red scale on the quiz's grid according to % correct below.
Ana Castela
Luan Santana
Maisa
Juliette
Juscelino Kubitschek
Oscar Niemeyer
Renato Russo
Ingrid Guimarães
Alok
Leo Jaime
Amado Batista
Reginaldo Rossi
Gusttavo Lima
Zezé Di Camargo
Marília Mendonça
Zé Ramalho
Ney Matogrosso
Chico Buarque
Michel Teló
Leandro & Leonardo
Cora Coralina
Tarsila do Amaral
Cristiano Araújo
Andressa Suita
Túlio Maravilha
Wanessa Camargo
Patrícia Pillar
Mateus Solano
Felipe Nasr
Romário
Nana Gouvêa
Nelson Piquet
 
Estatísticas das Respostas
Resposta % Correto
Leandro & Leonardo
60%
Marília Mendonça
49%
Cristiano Araújo
47%
Zezé Di Camargo
47%
Wanessa Camargo
34%
Cora Coralina
26%
Alok
21%
Amado Batista
19%
Túlio Maravilha
19%
Ingrid Guimarães
13%
Mateus Solano
11%
Patrícia Pillar
11%
Andressa Suita
9%
Leo Jaime
9%
Nana Gouvêa
9%
Felipe Nasr
6%
Nenhum quiz correspondente encontrado
Distribuição das Pontuações
Porcentagem de Pessoas com Cada Pontuação
Percentil de Números Respondidos
Sua Pontuação Histórica
Você não jogou esse quiz